000
00302nam a22001337a 4500
008
180129b xxu||||| |||| 00| 0 eng d
020
_a
9780323389198
041
_a
eng
080
_a
61
100
_a
3
101
_a
shm
245
_a
2016 step-by- step medical coding
_c
caroj.j.b
942
_2
udc
_c
BK
999
_c
41129
_d
41129